| 000 | 01355nam a2200337 i 4500 | ||
|---|---|---|---|
| 003 | EG-GICUC | ||
| 005 | 20260121101537.0 | ||
| 008 | 251224s2010 ua ||||fr|||| 000 0 ara d | ||
| 017 | _a2005/9945 | ||
| 040 |
_a EG-GICUC _bara _c EG-GICUC _d EG-GICUC _erda |
||
| 041 | _aara | ||
| 082 | 0 | 4 |
_221 _a345.44 _bا ل . و |
| 092 | 0 | 4 | _221 |
| 099 | _aLaw1 07 345.44 ا ل . و 2 ed - 2010 | ||
| 100 | 0 |
_aالسيد أحمد محمد مرجان _eمؤلف. |
|
| 245 | 1 | 0 |
_aواجب الموظف العام في حماية المال العام في ضوء النظام الإداري الإسلامي : _bمع إلقاء الضوء على النظام السعودي / _cالسيد احمد محمد مرجان. |
| 250 |
_aالطبعة الثانية _bمزيدة ومنقحة |
||
| 264 | 2 |
_aالقاهرة : _bدار النهضة العربية, _c2010. |
|
| 300 |
_a225 صفحة ؛ _c24 سم |
||
| 336 |
_2rda content _atext |
||
| 337 |
_2rda media _aComputer |
||
| 338 |
_2rda carrier _aOnline Resource |
||
| 504 | _a. 221-199 ببليوجرافيا: صفحات. | ||
| 546 | _aالنص باللغة العربية | ||
| 650 | 1 | 4 |
_aواجبات الموظف العام _2qrmak |
| 650 | 1 | 4 | _aالأموال عامة |
| 651 | 1 | _2qrmak | |
| 856 | 4 | 0 | _uhttps://fll.law.cu.edu.eg/fulltext/bks/B07-01694.pdf |
| 905 | _a79 | ||
| 942 |
_2ddc _cBK _e21 _n0 |
||
| 999 |
_c52441 _d52441 |
||